Vector measures / (Record no. 6419)
[ view plain ]
| 000 -LEADER | |
|---|---|
| fixed length control field | 00993cam a22003131i 4500 |
| 001 - CONTROL NUMBER | |
| control field | 830966 |
| 003 - CONTROL NUMBER IDENTIFIER | |
| control field | OSt |
| 005 - DATE AND TIME OF LATEST TRANSACTION | |
| control field | 20200113112547.0 |
| 008 - FIXED-LENGTH DATA ELEMENTS--GENERAL INFORMATION | |
| fixed length control field | 770524s1977 riu b 001 0 eng |
| 010 ## - LIBRARY OF CONGRESS CONTROL NUMBER | |
| LC control number | 77009625 |
| 020 ## - INTERNATIONAL STANDARD BOOK NUMBER | |
| International Standard Book Number | 0821815156 |
| 040 ## - CATALOGING SOURCE | |
| Original cataloging agency | DLC |
| Transcribing agency | DLC |
| Modifying agency | DLC |
| 050 00 - LIBRARY OF CONGRESS CALL NUMBER | |
| Classification number | QA312 |
| Item number | .D43 |
| 082 00 - DEWEY DECIMAL CLASSIFICATION NUMBER | |
| Classification number | 515.63 |
| Item number | DIE 1977 |
| 100 1# - MAIN ENTRY--PERSONAL NAME | |
| Personal name | Diestel, Joe, |
| Dates associated with a name | 1943- |
| 9 (RLIN) | 13163 |
| 245 10 - TITLE STATEMENT | |
| Title | Vector measures / |
| Statement of responsibility, etc. | by J. Diestel and J. J. Uhl, Jr. |
| 260 ## - PUBLICATION, DISTRIBUTION, ETC. (IMPRINT) | |
| Place of publication, distribution, etc. | Providence, R.I. : |
| Name of publisher, distributor, etc. | American Mathematical Society, |
| Date of publication, distribution, etc. | 1977. |
| 300 ## - PHYSICAL DESCRIPTION | |
| Extent | xiii, 322 p. : |
| Dimensions | 26 cm. |
| 490 1# - SERIES STATEMENT | |
| Series statement | Mathematical surveys ; no. 15 |
| 500 ## - GENERAL NOTE | |
| General note | Includes indexes. |
| 504 ## - BIBLIOGRAPHY, ETC. NOTE | |
| Bibliography, etc | Bibliography: p. 277-310. |
| 650 #0 - SUBJECT ADDED ENTRY--TOPICAL TERM | |
| Topical term or geographic name as entry element | Vector-valued measures. |
| 9 (RLIN) | 13164 |
| 650 #0 - SUBJECT ADDED ENTRY--TOPICAL TERM | |
| Topical term or geographic name as entry element | Banach spaces. |
| 9 (RLIN) | 12825 |
| 650 #0 - SUBJECT ADDED ENTRY--TOPICAL TERM | |
| Topical term or geographic name as entry element | Linear operators. |
| 9 (RLIN) | 13165 |
| 700 1# - ADDED ENTRY--PERSONAL NAME | |
| Personal name | Uhl, John Jerry, |
| Dates associated with a name | 1940- |
| Relator term | joint author. |
| 9 (RLIN) | 13166 |
| 830 #0 - SERIES ADDED ENTRY--UNIFORM TITLE | |
| Uniform title | Mathematical surveys ; |
| Volume number/sequential designation | no. 15. |
| 9 (RLIN) | 13167 |
| 906 ## - LOCAL DATA ELEMENT F, LDF (RLIN) | |
| a | 7 |
| b | cbc |
| c | orignew |
| d | 1 |
| e | ocip |
| f | 19 |
| g | y-gencatlg |
| 942 ## - ADDED ENTRY ELEMENTS (KOHA) | |
| Source of classification or shelving scheme | Dewey Decimal Classification |
| Koha item type | Open Shelf |
| Withdrawn status | Lost status | Source of classification or shelving scheme | Damaged status | Not for loan | Home library | Current library | Date acquired | Source of acquisition | Inventory number | Total Checkouts | Full call number | Barcode | Date last seen | Price effective from | Koha item type |
|---|---|---|---|---|---|---|---|---|---|---|---|---|---|---|---|
| Dewey Decimal Classification | MUST Main Library | MUST Main Library | 13/01/2020 | Purchase | 2019/40914 | 515.63 DIE 1977 | 2020-0007 | 13/01/2020 | 13/01/2020 | Open Shelf | |||||
| Dewey Decimal Classification | MUST Main Library | MUST Main Library | 13/01/2020 | Purchase | 2019/40916 | 515.63 DIE 1977 | 2020-0008 | 13/01/2020 | 13/01/2020 | Open Shelf | |||||
| Dewey Decimal Classification | MUST Main Library | MUST Main Library | 13/01/2020 | Purchase | 2019/40915 | 515.63 DIE 1977 | 2020-0009 | 13/01/2020 | 13/01/2020 | Open Shelf |
